000 00507nam a2200181Ia 4500
001 13864
005 20260306164832.0
008 260306t2011||||xx |||||||||||||| ||spa||
041 _aESP
082 _a005.43
_bA177
100 _aAssociation for Computing Machinery
_eAUT
245 0 _aSosp´11:
_bproceeding of the twenty-third ACM. Symposium on operating systems principles
260 _c2011
300 _aix, 416 páginas :
_c28 cm.
650 _aGEN
654 _aCCC
942 _cLIB
_dJUS
_fJUS
_2ddc
_n
999 _c13864
_d13864